Le Pacte autobiographique
Saved in:
| Main Author: | |
|---|---|
| Format: | Book |
| Language: | French |
| Published: |
Paris :
Seuil,
1996
|
| Edition: | nouvelle edition augmentee |
| Series: | Points. Essais ;
; 326 |
| Subjects: | |
| Tags: |
Add Tag
No Tags, Be the first to tag this record!
|
MARC
| LEADER | 00000nam a2200000 i 4500 | ||
|---|---|---|---|
| 001 | 1/57563 | ||
| 008 | 020121s1996 fre d | ||
| 020 | |a 2-02-029696-9 | ||
| 035 | |l 10000180 | ||
| 040 | |a GR-MY-UA |b gre |e aacr | ||
| 041 | 0 | |a fre | |
| 082 | 0 | |a 808.06692 | |
| 100 | 1 | |a Lejeune, Philippe |d 1938- | |
| 245 | 1 | 3 | |a Le Pacte autobiographique / |c Philippe Lejeune |
| 250 | |a nouvelle edition augmentee | ||
| 260 | |a Paris : |b Seuil, |c 1996 | ||
| 300 | |a 381 p. | ||
| 490 | 1 | |a Points. Essais |v ; 326 | |
| 650 | 0 | 0 | |a Autobiography. |
| 830 | 0 | |a Points. Essais ; |v ; 326 | |
| 852 | |a INST |b RHODES |e 20020121 |h 808.06692 LEJ |p 005400016761 |q 005400016761 |t BK |y 0 | ||
| 901 | |a BIBL4-2002-1 | ||
| 909 | |a Ρ |b 054454 | ||
| 922 | |a 4ΕΛΗ |b 199803 |c ΑΝΑΓΝΩΣΤΟΠΟΥΛΟΥ |d ΚΩΣΤΑΡΑΚΗΣ | ||
| 970 | |a ΚΟΥΛΑΚΙΟΤΗ |b ΛΙΤΣΑ |z 2002/01/21 | ||